AFL best game of each round of 2023 - Statistics

General Stats
  • This quiz has been taken 28 times
  • The average score is 13 of 28
Answer Stats
Round Where Home team V Point difference Away team % Correct
1 MCG Richmond Drew against Carlton
94%
GF MCG Collingwood Won by 4 against Brisbane
75%
SF MCG Melbourne Lost by 2 against Carlton
69%
PF MCG Collingwood Won by 1 against GWS
69%
FW1 MCG Carlton Won by 6 against Sydney
63%
3 GIANTS stadium GWS Lost by 10 against Carlton
50%
7 SCG Sydney Lost by 1 against GWS
50%
4 SCG Sydney Lost by 2 against Port Adelaide
50%
6 UTAS stadium Hawthorn Lost by 3 against Adelaide
44%
15 MCG Collingwood Won by 2 against Adelaide
44%
13 MCG Melbourne Won by 4 against Collingwood
44%
19 Adelaide oval Port Adelaide Lost by 2 against Collingwood
44%
2 Optus Fremantle Lost by 1 against North Melbourne
44%
16 MCG Essendon Lost by 4 against Port Adelaide
44%
5 Adelaide oval Collingwood Won by 6 against St Kilda
44%
18 MCG Melbourne Won by 1 against Brisbane
38%
21 Optus stadium Fremantle Lost by 3 against Brisbane
38%
8 Adelaide oval Port Adelaide Won by 5 against Essendon
38%
9 SCG Sydney Lost by 17 against Fremantle
38%
11 MCG Melbourne Lost by 7 against Fremantle
38%
22 MCG Collingwood Won by 8 against Geelong
38%
10 Adelaide oval Port Adelaide Won by 4 against Melbourne
38%
20 Marvel stadium Essendon Lost by 2 against Sydney
38%
23 Marvel stadium Western Bulldogs Lost by 7 against West Coast
38%
17 Marvel stadium Western Bulldogs Lost by 12 against Collingwood
31%
12 GIANTS stadium GWS Lost by 6 against Richmond
31%
24 GABBA Brisbane Won by 12 against St Kilda
31%
14 GABBA Brisbane Won by 16 against Sydney
31%
No matching quizzes found
Score Distribution
Percent of People with Each Score
Percentile by Number Answered
Your Score History
You have not taken this quiz